| 000 | 00485nam a22001697a 4500 | ||
|---|---|---|---|
| 003 | NUST - PNEC | ||
| 005 | 20170116181127.0 | ||
| 008 | 151006b xxu||||| |||| 00| 0 eng d | ||
| 020 | _a0471002143 | ||
| 040 | _cLIBRARY | ||
| 082 | _a670.285 SHA | ||
| 100 |
_913740 _aShah, Jami J.; |
||
| 245 |
_aParametric and feature-based CAD/CAM : concepts, techniques, and applications _cJami J.Shah |
||
| 260 | _cc 1995 | ||
| 650 |
_913741 _aCAD/CAM systems _xMIS/ MS COMM |
||
| 942 |
_2ddc _cBK |
||
| 999 |
_c69802 _d69802 |
||